000 00261nam a2200085Ia 4500
245 0 _aPlastics : bags, boats, bottles, and brushes
100 _a Stevens, Beth Dvergsten Logan, Iowa, 2004
_970158
942 _cBK
008 210817s9999 xx 000 0 und d
999 _c274783
_d274781